New extragalactic perspectives in the New South Africa (Record no. 12058)

MARC details
000 -LEADER
fixed length control field 00921nam a2200205Ia 4500
003 - CONTROL NUMBER IDENTIFIER
control field IN-BaIIA
008 - FIXED-LENGTH DATA ELEMENTS--GENERAL INFORMATION
fixed length control field 211028s9999 xx 000 0 eng d
020 ## - INTERNATIONAL STANDARD BOOK NUMBER
International Standard Book Number 0-7923-4223-2
040 ## - CATALOGING SOURCE
Transcribing agency IIA Library
080 ## - UNIVERSAL DECIMAL CLASSIFICATION NUMBER
Universal Decimal Classification number 52(082.1)
Item number ASS-209
111 ## - MAIN ENTRY--MEETING NAME
Meeting name or jurisdiction name as entry element International Astronomical Union Colloquium on Eruptive Solar Flares
Location of meeting Johannesburg
Date of meeting or treaty signing 1996 Jan. 22-26
9 (RLIN) 20989
245 #0 - TITLE STATEMENT
Title New extragalactic perspectives in the New South Africa
Remainder of title proceedings of the international Conference on "Cold Dust & Galaxy Morphology", held in Johannesburg, South Africa, Jan 22-26, 1996
Statement of responsibility, etc. edited by David L Block and J. Mayo Greenberg
260 ## - PUBLICATION, DISTRIBUTION, ETC.
Place of publication, distribution, etc. Dordrecht
Name of publisher, distributor, etc. Kluwer Academic
Date of publication, distribution, etc. 1996
300 ## - PHYSICAL DESCRIPTION
Extent [various pagings.]
650 ## - SUBJECT ADDED ENTRY--TOPICAL TERM
Topical term or geographic name entry element Extragalactic perspectives
9 (RLIN) 20990
650 ## - SUBJECT ADDED ENTRY--TOPICAL TERM
Topical term or geographic name entry element Perspective
9 (RLIN) 20560
700 ## - ADDED ENTRY--PERSONAL NAME
Personal name Block, David L., ed.
9 (RLIN) 20991
700 ## - ADDED ENTRY--PERSONAL NAME
Personal name Greenberg, J. Mayo., ed.
9 (RLIN) 5546
942 ## - ADDED ENTRY ELEMENTS (KOHA)
Koha item type Books
Holdings
Withdrawn status Lost status Damaged status Not for loan Home library Current library Shelving location Date acquired Source of acquisition Cost, normal purchase price Total Checkouts Full call number Barcode Date last seen Cost, replacement price Price effective from Koha item type Purchase Price
        IIA Library-Bangalore IIA Library-Bangalore General Stacks 18/03/1997 EDS 2057.70   52(082.1)/ ASS-209 12974 05/11/2021 2057.70 18/03/1997 Books Rs. 2057.70

Powered by Koha